[Event "WCO 2016"]
[Site "?"]
[Date "2016.09.11"]
[Round "9"]
[Board "13"]
[WhiteID "13903284"]
[White "Baciu Diana"]
[BlackID "11601124"]
[Black "Reizniece-Ozola Dana"]
[Result "0-1"]
[BlackElo "2243"]
[WhiteElo "2279"]
[LiveChessVersion "1.4.8"]

1. e4 {[%clk 1:30:57]} g6 {[%clk 1:30:54]} 2. d4 {[%clk 1:31:24]} Bg7
{[%clk 1:31:20]} 3. Nc3 {[%clk 1:31:50]} d6 {[%clk 1:31:43]} 4. Nge2
{[%clk 1:32:16]} Nf6 {[%clk 1:31:51]} 5. h3 {[%clk 1:32:42]} O-O {[%clk 1:31:35]}
6. Be3 {[%clk 1:33:07]} e5 {[%clk 1:30:51]} 7. g3 {[%clk 1:20:49]} exd4
{[%clk 1:31:01]} 8. Nxd4 {[%clk 1:20:12]} Nc6 {[%clk 1:23:52]} 9. Bg2
{[%clk 1:19:19]} Bd7 {[%clk 1:23:45]} 10. O-O {[%clk 1:16:01]} Qc8
{[%clk 1:23:27]} 11. Nxc6 {[%clk 1:09:02]} bxc6 {[%clk 1:20:24]} 12. g4
{[%clk 1:08:50]} h5 {[%clk 1:20:06]} 13. g5 {[%clk 1:08:33]} Nh7 {[%clk 1:20:29]}
14. Kh2 {[%clk 1:05:12]} Re8 {[%clk 1:16:34]} 15. f4 {[%clk 1:02:25]} Rb8
{[%clk 1:06:48]} 16. Rb1 {[%clk 0:57:26]} c5 {[%clk 1:04:11]} 17. e5
{[%clk 0:37:42]} dxe5 {[%clk 1:03:27]} 18. Bxc5 {[%clk 0:37:54]} exf4
{[%clk 0:58:49]} 19. Bd4 {[%clk 0:31:13]} Bf8 {[%clk 0:47:50]} 20. h4
{[%clk 0:27:00]} Bg4 {[%clk 0:44:59]} 21. Qd3 {[%clk 0:23:08]} c5
{[%clk 0:35:00]} 22. Bg1 {[%clk 0:15:00]} c4 {[%clk 0:27:48]} 23. Qd2
{[%clk 0:15:29]} Rd8 {[%clk 0:21:27]} 24. Bd5 {[%clk 0:15:56]} Be6
{[%clk 0:20:29]} 25. Qg2 {[%clk 0:15:28]} Bd6 {[%clk 0:19:54]} 26. Bf3
{[%clk 0:14:25]} Rd7 {[%clk 0:18:14]} 27. Bd4 {[%clk 0:12:26]} Qd8
{[%clk 0:17:18]} 28. Ne4 {[%clk 0:12:26]} Be7 {[%clk 0:16:24]} 29. Be5
{[%clk 0:11:03]} Rb5 {[%clk 0:15:21]} 30. Bxf4 {[%clk 0:11:21]} Bf5
{[%clk 0:14:34]} 31. Ng3 {[%clk 0:09:11]} Rd4 {[%clk 0:12:23]} 32. Ne2
{[%clk 0:07:15]} Rxf4 {[%clk 0:10:00]} 33. Nxf4 {[%clk 0:07:41]} Bd6
{[%clk 0:09:49]} 34. Qd2 {[%clk 0:04:03]} Qc7 {[%clk 0:08:08]} 35. Bg2
{[%clk 0:04:31]} c3 {[%clk 0:07:23]} 36. Qe3 {[%clk 0:04:32]} Rb4
{[%clk 0:06:18]} 37. Qe8+ {[%clk 0:01:34]} Nf8 {[%clk 0:06:32]} 38. bxc3
{[%clk 0:01:12]} Bxf4+ {[%clk 0:06:23]} 39. Kh1 {[%clk 0:01:41]} Rxb1
{[%clk 0:06:23]} 40. Rxb1 {[%clk 0:32:08]} Qxc3 {[%clk 0:36:22]} 41. Qe1
{[%clk 0:29:01]} Qxc2 {[%clk 0:35:05]} 42. Rb3 {[%clk 0:23:49]} Be4
{[%clk 0:32:23]} 43. Qf1 {[%clk 0:20:25]} Qxa2 {[%clk 0:32:12]} 44. Rh3
{[%clk 0:20:49]} Bxg2+ {[%clk 0:30:58]} 45. Qxg2 {[%clk 0:21:18]} Qb1+
{[%clk 0:28:35]} 46. Qg1 {[%clk 0:21:45]} Qxg1+ {[%clk 0:27:33]} 47. Kxg1
{[%clk 0:22:14]} Ne6 {[%clk 0:27:19]} 48. Ra3 {[%clk 0:21:58]} Bd6
{[%clk 0:26:42]} 49. Ra6 {[%clk 0:21:35]} Bc5+ {[%clk 0:26:47]} 50. Kg2
{[%clk 0:21:57]} Nd4 {[%clk 0:26:22]} 51. Ra5 {[%clk 0:20:05]} Bb6
{[%clk 0:26:37]} 52. Ra4 {[%clk 0:19:58]} Nf5 {[%clk 0:26:39]} 53. Kf3
{[%clk 0:19:59]} Kg7 {[%clk 0:26:52]} 54. Re4 {[%clk 0:18:18]} Bd4
{[%clk 0:25:21]} 55. Rf4 {[%clk 0:16:53]} a5 {[%clk 0:25:20]} 56. Ke4
{[%clk 0:17:11]} a4 {[%clk 0:23:41]} 57. Rf3 {[%clk 0:17:29]} Bb2
{[%clk 0:23:51]} 0-1

[Event "WCO 2016"]
[Site "?"]
[Date "2016.09.11"]
[Round "9"]
[Board "14"]
[WhiteID "11601876"]
[White "Rogule Laura"]
[BlackID "13904108"]
[Black "Hincu Olga"]
[Result "1-0"]
[BlackElo "2125"]
[WhiteElo "2306"]
[LiveChessVersion "1.4.8"]

1. d4 {[%clk 1:30:55]} d5 {[%clk 1:30:57]} 2. c4 {[%clk 1:31:16]} e6
{[%clk 1:31:24]} 3. Nf3 {[%clk 1:31:33]} Nf6 {[%clk 1:31:50]} 4. g3
{[%clk 1:31:47]} Be7 {[%clk 1:32:16]} 5. Bg2 {[%clk 1:32:03]} O-O
{[%clk 1:32:41]} 6. O-O {[%clk 1:32:19]} Nbd7 {[%clk 1:33:05]} 7. Qc2
{[%clk 1:19:47]} c6 {[%clk 1:33:20]} 8. Nbd2 {[%clk 1:11:10]} b6 {[%clk 1:33:41]}
9. e4 {[%clk 1:09:38]} Nxe4 {[%clk 1:30:17]} 10. Nxe4 {[%clk 1:09:53]} dxe4
{[%clk 1:30:43]} 11. Qxe4 {[%clk 1:10:15]} Bb7 {[%clk 1:31:07]} 12. Rd1
{[%clk 1:00:01]} Bf6 {[%clk 1:20:28]} 13. Bf4 {[%clk 0:53:10]} Qe7
{[%clk 1:16:30]} 14. b3 {[%clk 0:35:54]} Rac8 {[%clk 1:10:36]} 15. Rac1
{[%clk 0:31:34]} Rfd8 {[%clk 1:03:02]} 16. Rc2 {[%clk 0:21:25]} Nc5
{[%clk 0:51:14]} 17. Qe1 {[%clk 0:21:30]} Na6 {[%clk 0:50:44]} 18. Re2
{[%clk 0:20:34]} Qa3 {[%clk 0:46:57]} 19. Ne5 {[%clk 0:18:13]} Be7
{[%clk 0:34:40]} 20. Qc3 {[%clk 0:15:37]} g5 {[%clk 0:21:45]} 21. Qf3
{[%clk 0:10:46]} gxf4 {[%clk 0:18:22]} 22. Qg4+ {[%clk 0:10:59]} Bg5
{[%clk 0:17:11]} 23. Qxg5+ {[%clk 0:11:24]} Kf8 {[%clk 0:17:38]} 24. Qf6
{[%clk 0:11:02]} 1-0

[Event "WCO 2016"]
[Site "?"]
[Date "2016.09.11"]
[Round "9"]
[Board "15"]
[WhiteID "13901001"]
[White "Partac Elena"]
[BlackID "11600241"]
[Black "Erneste Inguna"]
[Result "0-1"]
[BlackElo "2178"]
[WhiteElo "2086"]
[LiveChessVersion "1.4.8"]

1. e4 {[%clk 1:30:23]} e5 {[%clk 1:30:51]} 2. Nf3 {[%clk 1:30:49]} Nc6
{[%clk 1:31:16]} 3. d4 {[%clk 1:31:08]} exd4 {[%clk 1:31:40]} 4. Bc4
{[%clk 1:31:36]} Nf6 {[%clk 1:29:50]} 5. O-O {[%clk 1:32:00]} d6 {[%clk 1:15:17]}
6. Nxd4 {[%clk 1:24:52]} Nxd4 {[%clk 1:12:42]} 7. Qxd4 {[%clk 1:25:18]} Be7
{[%clk 1:11:50]} 8. Nc3 {[%clk 1:22:47]} O-O {[%clk 1:09:48]} 9. h3
{[%clk 1:18:49]} a6 {[%clk 0:59:30]} 10. a4 {[%clk 1:19:00]} Bd7 {[%clk 0:54:02]}
11. Bf4 {[%clk 1:04:26]} Bc6 {[%clk 0:37:58]} 12. Rad1 {[%clk 0:58:42]} Nh5
{[%clk 0:30:32]} 13. Bh2 {[%clk 0:56:30]} g6 {[%clk 0:25:05]} 14. Qe3
{[%clk 0:28:04]} Qe8 {[%clk 0:19:52]} 15. Bd5 {[%clk 0:25:39]} Bxd5
{[%clk 0:17:23]} 16. Nxd5 {[%clk 0:25:55]} Bd8 {[%clk 0:17:16]} 17. b3
{[%clk 0:13:53]} Nf6 {[%clk 0:17:20]} 18. Nc3 {[%clk 0:12:13]} Qc6
{[%clk 0:15:21]} 19. e5 {[%clk 0:07:13]} dxe5 {[%clk 0:14:06]} 20. Bxe5
{[%clk 0:07:13]} Re8 {[%clk 0:13:44]} 21. Qd4 {[%clk 0:04:04]} Qe6
{[%clk 0:11:01]} 22. Rde1 {[%clk 0:02:45]} c5 {[%clk 0:08:30]} 23. Qd2
{[%clk 0:02:18]} Qf5 {[%clk 0:07:10]} 24. g4 {[%clk 0:01:37]} Qf3
{[%clk 0:04:20]} 25. Qh6 {[%clk 0:00:35]} Be7 {[%clk 0:03:13]} 26. Re3
{[%clk 0:00:33]} Qc6 {[%clk 0:03:19]} 27. g5 {[%clk 0:00:38]} Bf8
{[%clk 0:03:24]} 28. Qh4 {[%clk 0:01:03]} Nd7 {[%clk 0:03:16]} 29. Bf6
{[%clk 0:00:56]} Nxf6 {[%clk 0:02:09]} 30. gxf6 {[%clk 0:01:24]} h6
{[%clk 0:02:23]} 31. Qf4 {[%clk 0:00:59]} Re6 {[%clk 0:02:03]} 32. Rxe6
{[%clk 0:00:44]} Qxe6 {[%clk 0:02:29]} 33. Qf3 {[%clk 0:00:49]} Rd8
{[%clk 0:01:39]} 34. Ne4 {[%clk 0:00:41]} Re8 {[%clk 0:01:17]} 35. Re1
{[%clk 0:00:33]} c4 {[%clk 0:00:53]} 36. Re3 {[%clk 0:00:40]} Qc6
{[%clk 0:00:56]} 37. Kg2 {[%clk 0:00:34]} cxb3 {[%clk 0:01:13]} 38. cxb3
{[%clk 0:01:01]} Re5 {[%clk 0:00:57]} 39. Ng3 {[%clk 0:00:36]} Rxe3
{[%clk 0:00:43]} 40. fxe3 {[%clk 0:30:39]} Qc2+ {[%clk 0:30:59]} 41. Ne2
{[%clk 0:24:54]} Qxb3 {[%clk 0:29:47]} 42. Nd4 {[%clk 0:25:21]} Qb2+
{[%clk 0:28:36]} 43. Kf1 {[%clk 0:24:39]} b5 {[%clk 0:27:02]} 44. axb5
{[%clk 0:24:58]} axb5 {[%clk 0:27:31]} 45. Nc6 {[%clk 0:24:44]} b4
{[%clk 0:21:59]} 46. Ne7+ {[%clk 0:16:14]} Kh7 {[%clk 0:21:46]} 47. Kg1
{[%clk 0:14:50]} Qb1+ {[%clk 0:19:25]} 48. Kg2 {[%clk 0:12:47]} Qa2+
{[%clk 0:19:39]} 49. Kg1 {[%clk 0:06:16]} Qe6 {[%clk 0:19:05]} 50. Nc6
{[%clk 0:04:13]} Qf5 {[%clk 0:14:49]} 51. Qxf5 {[%clk 0:03:13]} gxf5
{[%clk 0:15:18]} 52. Na5 {[%clk 0:02:58]} Kg6 {[%clk 0:15:33]} 53. Kf2
{[%clk 0:03:19]} Kxf6 {[%clk 0:15:49]} 54. Kf3 {[%clk 0:03:47]} Ke5
{[%clk 0:15:23]} 55. Nb3 {[%clk 0:02:42]} Bd6 {[%clk 0:15:23]} 56. Ke2
{[%clk 0:01:48]} f4 {[%clk 0:14:32]} 57. Nd2 {[%clk 0:01:55]} fxe3
{[%clk 0:13:00]} 58. Kxe3 {[%clk 0:02:25]} f5 {[%clk 0:12:33]} 59. Nc4+
{[%clk 0:02:50]} Kd5 {[%clk 0:12:40]} 60. Nd2 {[%clk 0:03:18]} Be7
{[%clk 0:11:42]} 61. Kd3 {[%clk 0:03:27]} Ke5 {[%clk 0:11:41]} 62. Nb3
{[%clk 0:01:51]} Kf4 {[%clk 0:10:57]} 63. Nd4 {[%clk 0:02:15]} Bf6
{[%clk 0:09:52]} 64. Ne6+ {[%clk 0:00:37]} Kg3 {[%clk 0:09:30]} 65. Kc4
{[%clk 0:00:51]} Bc3 {[%clk 0:09:16]} 0-1

[Event "WCO 2016"]
[Site "?"]
[Date "2016.09.11"]
[Round "9"]
[Board "16"]
[WhiteID "11603550"]
[White "Otikova Elina"]
[BlackID "13904620"]
[Black "Gitu Paula-Alexandra"]
[Result "1/2-1/2"]
[BlackElo "1892"]
[WhiteElo "2051"]
[LiveChessVersion "1.4.8"]

1. e4 {[%clk 1:30:56]} d6 {[%clk 1:30:56]} 2. d4 {[%clk 1:31:12]} Nf6
{[%clk 1:31:20]} 3. Nc3 {[%clk 1:31:29]} e5 {[%clk 1:31:46]} 4. dxe5
{[%clk 1:31:32]} dxe5 {[%clk 1:32:12]} 5. Qxd8+ {[%clk 1:31:43]} Kxd8
{[%clk 1:32:39]} 6. Bg5 {[%clk 1:31:39]} Be6 {[%clk 1:32:54]} 7. g3
{[%clk 1:31:51]} Bb4 {[%clk 1:00:50]} 8. O-O-O+ {[%clk 1:31:49]} Kc8
{[%clk 0:52:17]} 9. Bxf6 {[%clk 1:26:07]} gxf6 {[%clk 0:52:44]} 10. f4
{[%clk 1:23:44]} Bxc3 {[%clk 0:38:06]} 11. bxc3 {[%clk 1:24:05]} Na6
{[%clk 0:36:25]} 12. fxe5 {[%clk 0:53:44]} fxe5 {[%clk 0:36:45]} 13. Bh3
{[%clk 0:53:50]} Nc5 {[%clk 0:18:22]} 14. Re1 {[%clk 0:48:23]} Kd7
{[%clk 0:16:27]} 15. Bxe6+ {[%clk 0:44:04]} Kxe6 {[%clk 0:16:50]} 16. Nf3
{[%clk 0:43:42]} f6 {[%clk 0:16:04]} 17. g4 {[%clk 0:41:24]} Rag8
{[%clk 0:10:58]} 18. Rhg1 {[%clk 0:41:04]} Rg7 {[%clk 0:10:08]} 19. h3
{[%clk 0:33:17]} Rhg8 {[%clk 0:09:08]} 20. Rgf1 {[%clk 0:31:30]} h5
{[%clk 0:08:20]} 21. Nh2 {[%clk 0:29:59]} Rh7 {[%clk 0:03:09]} 22. Rf3
{[%clk 0:29:00]} Rgh8 {[%clk 0:03:03]} 23. Ree3 {[%clk 0:26:10]} Rg7
{[%clk 0:01:45]} 24. Rf5 {[%clk 0:24:49]} hxg4 {[%clk 0:00:35]} 25. Nxg4
{[%clk 0:24:46]} Nxe4 {[%clk 0:00:41]} 26. Rf1 {[%clk 0:14:44]} f5
{[%clk 0:01:05]} 27. Nf2 {[%clk 0:12:44]} Rg3 {[%clk 0:00:33]} 28. Rxg3
{[%clk 0:10:39]} Nxg3 {[%clk 0:01:02]} 29. Re1 {[%clk 0:10:55]} Rh4
{[%clk 0:01:05]} 30. Re3 {[%clk 0:08:10]} f4 {[%clk 0:01:08]} 31. Re1
{[%clk 0:08:21]} Kf5 {[%clk 0:01:24]} 32. Rd1 {[%clk 0:06:58]} e4
{[%clk 0:00:51]} 33. Rd5+ {[%clk 0:04:57]} Ke6 {[%clk 0:01:13]} 34. Rd8
{[%clk 0:04:07]} e3 {[%clk 0:00:41]} 35. Nd3 {[%clk 0:04:21]} Ne2+
{[%clk 0:00:33]} 36. Kb2 {[%clk 0:04:25]} Rxh3 {[%clk 0:00:51]} 37. Rf8
{[%clk 0:03:57]} f3 {[%clk 0:00:47]} 38. Re8+ {[%clk 0:03:59]} Kf5
{[%clk 0:00:51]} 39. Rxe3 {[%clk 0:02:53]} f2 {[%clk 0:00:36]} 40. Re5+
{[%clk 0:31:14]} Kf6 {[%clk 0:30:36]} 41. Nxf2 {[%clk 0:28:54]} Kxe5
{[%clk 0:26:48]} 42. Nxh3 {[%clk 0:29:15]} 1/2-1/2

[Event "WCO 2016"]
[Site "?"]
[Date "2016.09.11"]
[Round "9"]
[Board "13"]
[WhiteID "4264312"]
[White "Tsolakidou Stavroula"]
[BlackID "12801259"]
[Black "Cmilyte Viktorija"]
[Result "0-1"]
[BlackElo "2536"]
[WhiteElo "2355"]
[LiveChessVersion "1.4.8"]

1. d4 {[%clk 1:30:57]} f5 {[%clk 1:30:54]} 2. Bg5 {[%clk 1:31:16]} g6
{[%clk 1:31:10]} 3. Nc3 {[%clk 1:31:29]} Bg7 {[%clk 1:31:28]} 4. h4
{[%clk 1:31:44]} h6 {[%clk 1:28:07]} 5. Bf4 {[%clk 1:32:05]} Nf6 {[%clk 1:25:57]}
6. e3 {[%clk 1:32:18]} d6 {[%clk 1:22:18]} 7. Qf3 {[%clk 1:32:12]} e6
{[%clk 1:12:00]} 8. Bc4 {[%clk 1:27:19]} Qe7 {[%clk 1:09:52]} 9. O-O-O
{[%clk 1:20:07]} Nc6 {[%clk 1:04:20]} 10. Nge2 {[%clk 0:54:55]} Na5
{[%clk 0:45:14]} 11. Bb5+ {[%clk 0:46:51]} c6 {[%clk 0:44:26]} 12. Qg3
{[%clk 0:39:34]} cxb5 {[%clk 0:43:22]} 13. Bxd6 {[%clk 0:37:55]} Qf7
{[%clk 0:38:06]} 14. Nf4 {[%clk 0:33:57]} Nc4 {[%clk 0:37:01]} 15. d5
{[%clk 0:16:06]} e5 {[%clk 0:32:11]} 16. Nxb5 {[%clk 0:02:52]} Ne4
{[%clk 0:30:37]} 17. Qxg6 {[%clk 0:02:57]} exf4 {[%clk 0:25:52]} 18. Nc7+
{[%clk 0:00:43]} Kd8 {[%clk 0:26:21]} 19. Qxf7 {[%clk 0:00:36]} Bxb2+
{[%clk 0:26:48]} 20. Kb1 {[%clk 0:01:00]} Nc3# {[%clk 0:24:50]} 0-1

[Event "WCO 2016"]
[Site "?"]
[Date "2016.09.11"]
[Round "9"]
[Board "14"]
[WhiteID "12801496"]
[White "Zaksaite Salomeja"]
[BlackID "4213262"]
[Black "Pavlidou Ekaterini"]
[Result "1-0"]
[BlackElo "2140"]
[WhiteElo "2298"]
[LiveChessVersion "1.4.8"]

1. e4 {[%clk 1:30:58]} c5 {[%clk 1:30:38]} 2. Nf3 {[%clk 1:31:23]} e6
{[%clk 1:30:43]} 3. d4 {[%clk 1:31:22]} cxd4 {[%clk 1:31:02]} 4. Nxd4
{[%clk 1:31:48]} Nc6 {[%clk 1:31:08]} 5. Nc3 {[%clk 1:32:03]} Qc7
{[%clk 1:31:13]} 6. Be3 {[%clk 1:32:21]} a6 {[%clk 1:31:31]} 7. Bd3
{[%clk 1:32:13]} Nf6 {[%clk 1:31:19]} 8. O-O {[%clk 1:32:19]} Nxd4
{[%clk 1:31:23]} 9. Bxd4 {[%clk 1:32:42]} Bc5 {[%clk 1:31:28]} 10. Bxf6
{[%clk 1:32:52]} gxf6 {[%clk 1:31:51]} 11. Qg4 {[%clk 1:33:14]} Kf8
{[%clk 1:28:15]} 12. Kh1 {[%clk 1:30:43]} h5 {[%clk 1:17:08]} 13. Qh4
{[%clk 1:29:15]} Be7 {[%clk 1:17:17]} 14. f4 {[%clk 1:13:35]} b5 {[%clk 1:10:23]}
15. Rae1 {[%clk 1:00:13]} b4 {[%clk 1:01:26]} 16. Nd1 {[%clk 0:57:15]} f5
{[%clk 0:50:39]} 17. Qf2 {[%clk 0:51:48]} fxe4 {[%clk 0:49:57]} 18. Bxe4
{[%clk 0:49:39]} d5 {[%clk 0:50:14]} 19. Bd3 {[%clk 0:49:51]} Bf6
{[%clk 0:46:47]} 20. c3 {[%clk 0:38:26]} bxc3 {[%clk 0:44:38]} 21. Nxc3
{[%clk 0:38:26]} Bb7 {[%clk 0:43:44]} 22. Na4 {[%clk 0:30:43]} Qd6
{[%clk 0:40:19]} 23. Nc5 {[%clk 0:25:51]} Bc6 {[%clk 0:38:03]} 24. b4
{[%clk 0:15:49]} h4 {[%clk 0:35:42]} 25. h3 {[%clk 0:14:38]} Rg8 {[%clk 0:28:05]}
26. a4 {[%clk 0:11:29]} Rg3 {[%clk 0:24:21]} 27. b5 {[%clk 0:10:42]} axb5
{[%clk 0:24:22]} 28. axb5 {[%clk 0:11:09]} Ra5 {[%clk 0:23:38]} 29. Rb1
{[%clk 0:09:02]} Ba8 {[%clk 0:17:22]} 30. Rfc1 {[%clk 0:08:57]} Kg7
{[%clk 0:12:32]} 31. Qd2 {[%clk 0:05:58]} Ra3 {[%clk 0:11:47]} 32. b6
{[%clk 0:05:57]} Bd4 {[%clk 0:08:47]} 33. b7 {[%clk 0:05:35]} Bxb7
{[%clk 0:07:15]} 34. Nxb7 {[%clk 0:06:01]} Qd7 {[%clk 0:04:26]} 35. Bf1
{[%clk 0:04:34]} e5 {[%clk 0:04:42]} 36. Nc5 {[%clk 0:03:40]} Qf5
{[%clk 0:02:45]} 37. fxe5 {[%clk 0:03:02]} Be3 {[%clk 0:02:41]} 38. Qxd5
{[%clk 0:01:31]} Qf2 {[%clk 0:02:21]} 39. Bd3 {[%clk 0:00:40]} Ra2
{[%clk 0:02:03]} 40. Rg1 {[%clk 0:30:35]} Bxc5 {[%clk 0:30:37]} 41. Rbf1
{[%clk 0:13:38]} Rd2 {[%clk 0:25:31]} 42. Rxf2 {[%clk 0:12:40]} Bxf2
{[%clk 0:25:52]} 43. e6 {[%clk 0:05:59]} Bxg1 {[%clk 0:14:32]} 44. Qe5+
{[%clk 0:06:12]} f6 {[%clk 0:10:45]} 45. Qc7+ {[%clk 0:06:14]} Kh6
{[%clk 0:09:55]} 46. Qh7+ {[%clk 0:06:17]} Kg5 {[%clk 0:10:16]} 47. Qg6+
{[%clk 0:06:04]} Kf4 {[%clk 0:10:37]} 48. Qf5+ {[%clk 0:06:21]} Ke3
{[%clk 0:10:55]} 49. Qe4+ {[%clk 0:06:36]} Kf2 {[%clk 0:11:05]} 50. Qf4+
{[%clk 0:07:00]} Ke1 {[%clk 0:11:27]} 51. Qf1# {[%clk 0:07:19]} 1-0

[Event "WCO 2016"]
[Site "?"]
[Date "2016.09.11"]
[Round "9"]
[Board "15"]
[WhiteID "4239873"]
[White "Avramidou Anastasia"]
[BlackID "12801860"]
[Black "Batyte Daiva"]
[Result "0-1"]
[BlackElo "2189"]
[WhiteElo "2273"]
[LiveChessVersion "1.4.8"]

1. d4 {[%clk 1:30:57]} Nf6 {[%clk 1:30:50]} 2. c4 {[%clk 1:31:21]} g6
{[%clk 1:31:01]} 3. Nc3 {[%clk 1:31:45]} Bg7 {[%clk 1:31:14]} 4. e4
{[%clk 1:32:08]} d6 {[%clk 1:31:18]} 5. Nf3 {[%clk 1:32:31]} O-O {[%clk 1:31:06]}
6. Be2 {[%clk 1:32:55]} e5 {[%clk 1:29:19]} 7. O-O {[%clk 1:33:19]} Nc6
{[%clk 1:27:15]} 8. d5 {[%clk 1:33:42]} Ne7 {[%clk 1:26:00]} 9. b4
{[%clk 1:34:05]} a5 {[%clk 1:22:28]} 10. Ba3 {[%clk 1:34:27]} Nd7
{[%clk 1:11:44]} 11. Ne1 {[%clk 1:15:55]} b6 {[%clk 1:08:34]} 12. bxa5
{[%clk 1:12:52]} Rxa5 {[%clk 1:08:18]} 13. Bb4 {[%clk 1:13:16]} Ra8
{[%clk 1:06:05]} 14. a4 {[%clk 1:13:31]} Ba6 {[%clk 1:01:47]} 15. Nb5
{[%clk 0:50:22]} Nc5 {[%clk 0:54:52]} 16. f3 {[%clk 0:43:06]} f5 {[%clk 0:53:40]}
17. Qc2 {[%clk 0:15:41]} Bh6 {[%clk 0:45:09]} 18. g3 {[%clk 0:12:53]} Be3+
{[%clk 0:43:16]} 19. Kh1 {[%clk 0:08:54]} fxe4 {[%clk 0:29:14]} 20. fxe4
{[%clk 0:09:09]} Rxf1+ {[%clk 0:25:18]} 21. Bxf1 {[%clk 0:09:35]} Bxb5
{[%clk 0:24:52]} 22. cxb5 {[%clk 0:09:57]} Qf8 {[%clk 0:24:59]} 23. Bg2
{[%clk 0:07:45]} Qf2 {[%clk 0:22:46]} 24. Qxf2 {[%clk 0:07:56]} Bxf2
{[%clk 0:23:06]} 25. Bxc5 {[%clk 0:07:51]} dxc5 {[%clk 0:23:09]} 26. Nf3
{[%clk 0:04:08]} Nc8 {[%clk 0:22:29]} 27. Rc1 {[%clk 0:01:16]} Be3
{[%clk 0:21:05]} 28. Re1 {[%clk 0:00:42]} Bd4 {[%clk 0:20:48]} 29. Nxd4
{[%clk 0:00:48]} cxd4 {[%clk 0:20:58]} 30. Rc1 {[%clk 0:01:15]} Rxa4
{[%clk 0:18:36]} 31. Bh3 {[%clk 0:01:41]} Nd6 {[%clk 0:18:18]} 32. Rxc7
{[%clk 0:01:00]} d3 {[%clk 0:17:44]} 33. Bg4 {[%clk 0:00:36]} Rxe4
{[%clk 0:17:23]} 34. Bf3 {[%clk 0:00:44]} d2 {[%clk 0:16:43]} 35. Kg2
{[%clk 0:01:03]} Rd4 {[%clk 0:16:00]} 36. Rc6 {[%clk 0:00:42]} Nxb5
{[%clk 0:15:38]} 37. Rxb6 {[%clk 0:00:47]} e4 {[%clk 0:14:44]} 38. Bd1
{[%clk 0:00:34]} Nc3 {[%clk 0:14:44]} 39. Bb3 {[%clk 0:00:43]} d1=Q
{[%clk 0:15:06]} 40. Bxd1 {[%clk 0:31:11]} Rxd1 {[%clk 0:45:07]} 0-1

[Event "WCO 2016"]
[Site "?"]
[Date "2016.09.11"]
[Round "9"]
[Board "16"]
[WhiteID "12800341"]
[White "Domarkaite Laima"]
[BlackID "4207050"]
[Black "Markantonaki Haritomeni"]
[Result "1/2-1/2"]
[BlackElo "2188"]
[WhiteElo "2161"]
[LiveChessVersion "1.4.8"]

1. e4 {[%clk 1:30:56]} c5 {[%clk 1:30:53]} 2. c3 {[%clk 1:29:45]} d5
{[%clk 1:31:14]} 3. exd5 {[%clk 1:30:10]} Qxd5 {[%clk 1:31:38]} 4. d4
{[%clk 1:30:28]} Nf6 {[%clk 1:31:50]} 5. Nf3 {[%clk 1:30:36]} e6 {[%clk 1:32:03]}
6. Na3 {[%clk 1:28:35]} Nc6 {[%clk 1:32:20]} 7. Be2 {[%clk 1:23:26]} Qd8
{[%clk 1:32:13]} 8. Nc2 {[%clk 1:21:12]} Be7 {[%clk 1:30:56]} 9. O-O
{[%clk 1:17:57]} O-O {[%clk 1:30:19]} 10. dxc5 {[%clk 0:55:10]} Bxc5
{[%clk 1:29:44]} 11. b4 {[%clk 0:50:52]} Be7 {[%clk 1:25:42]} 12. Bb2
{[%clk 0:27:26]} Qc7 {[%clk 1:20:15]} 13. Ne3 {[%clk 0:24:07]} b6
{[%clk 1:17:06]} 14. Qb3 {[%clk 0:22:10]} Bb7 {[%clk 1:16:53]} 15. a3
{[%clk 0:22:03]} Ne5 {[%clk 1:12:31]} 16. Nxe5 {[%clk 0:16:06]} Qxe5
{[%clk 1:12:59]} 17. c4 {[%clk 0:14:43]} Qf4 {[%clk 1:10:58]} 18. Rfe1
{[%clk 0:07:44]} Ne4 {[%clk 0:58:29]} 19. f3 {[%clk 0:05:52]} Ng5
{[%clk 0:54:27]} 20. Nf1 {[%clk 0:05:34]} Rfd8 {[%clk 0:46:33]} 21. Rad1
{[%clk 0:05:47]} h6 {[%clk 0:38:12]} 22. Qe3 {[%clk 0:06:05]} Qc7
{[%clk 0:37:45]} 23. Qe5 {[%clk 0:05:13]} Qxe5 {[%clk 0:32:22]} 24. Bxe5
{[%clk 0:05:41]} Bc6 {[%clk 0:32:44]} 25. Rxd8+ {[%clk 0:05:45]} Rxd8
{[%clk 0:33:12]} 26. Rd1 {[%clk 0:05:56]} Rc8 {[%clk 0:33:33]} 27. Ne3
{[%clk 0:04:41]} f6 {[%clk 0:30:36]} 28. Bd6 {[%clk 0:04:53]} Kf7
{[%clk 0:31:00]} 29. h4 {[%clk 0:04:42]} Nh7 {[%clk 0:31:28]} 30. Kf2
{[%clk 0:04:15]} Nf8 {[%clk 0:27:57]} 31. Bxe7 {[%clk 0:04:16]} Kxe7
{[%clk 0:28:24]} 32. h5 {[%clk 0:04:02]} Nd7 {[%clk 0:28:08]} 33. Rd2
{[%clk 0:03:16]} f5 {[%clk 0:24:43]} 34. g4 {[%clk 0:00:48]} fxg4
{[%clk 0:23:19]} 35. Nxg4 {[%clk 0:01:01]} Rf8 {[%clk 0:23:43]} 36. Rd1
{[%clk 0:00:39]} Rf5 {[%clk 0:22:33]} 37. Rh1 {[%clk 0:01:03]} Nf6
{[%clk 0:20:13]} 38. Nxf6 {[%clk 0:01:07]} gxf6 {[%clk 0:20:34]} 39. Ke3
{[%clk 0:00:46]} e5 {[%clk 0:19:52]} 40. Rh3 {[%clk 0:30:42]} Be8
{[%clk 0:48:38]} 41. Rh1 {[%clk 0:12:58]} Rxh5 {[%clk 0:47:40]} 42. Rc1
{[%clk 0:12:21]} Rg5 {[%clk 0:17:56]} 43. c5 {[%clk 0:12:29]} bxc5
{[%clk 0:18:21]} 44. Rxc5 {[%clk 0:12:37]} Kd8 {[%clk 0:14:58]} 45. Ra5
{[%clk 0:09:27]} Rg7 {[%clk 0:15:27]} 46. Ra6 {[%clk 0:09:05]} Rf7
{[%clk 0:13:17]} 47. f4 {[%clk 0:08:41]} exf4+ {[%clk 0:08:47]} 48. Kxf4
{[%clk 0:08:52]} Rc7 {[%clk 0:07:34]} 49. Rxf6 {[%clk 0:05:40]} Rf7
{[%clk 0:07:52]} 50. Rxf7 {[%clk 0:02:55]} Bxf7 {[%clk 0:08:20]} 51. a4
{[%clk 0:02:42]} Kc7 {[%clk 0:07:55]} 52. a5 {[%clk 0:02:36]} Kb7
{[%clk 0:05:21]} 53. b5 {[%clk 0:02:38]} Be8 {[%clk 0:04:26]} 54. b6
{[%clk 0:02:05]} axb6 {[%clk 0:04:40]} 55. axb6 {[%clk 0:02:25]} 1/2-1/2